[Event "POL-ChT3"]
[Site "Lazy POL"]
[Date "2012.09.05"]
[Round "5"]
[White "Knopik, Krzysztof"]
[Black "Swierczewski, Marek"]
[Result "0-1"]
[WhiteElo "2127"]
[BlackElo "2135"]
[EventDate "2012.09.01"]

1.e4 c5 2.Nf3 e6 3.Nc3 Nc6 4.Bc4 a6 5.a4 Qc7 6.d3 Nf6 7.O-O Be7 8.h3 b6 9.
Be3 Bb7 10.Bb3 O-O 11.Bg5 Rfe8 12.Re1 d6 13.Bf4 Nd4 14.Nxd4 cxd4 15.Ne2 
Nd7 16.Bh2 Bf6 17.f4 Nc5 18.Ba2 Bc6 19.b3 b5 20.Ng3 g6 21.f5 b4 22.Qg4 Kh8
23.Rf1 Nd7 24.fxg6 fxg6 25.Ne2 e5 26.Rf2 Rf8 27.Raf1 Rae8 28.Bg3 Qd8 29.h4
Nc5 30.Qh3 Bd7 31.Qh2 Bg4 32.Nxd4 exd4 33.Bxd6 Nd7 34.Bxf8 Rxf8 35.e5 Bg7 
36.Rxf8+ Nxf8 37.Qf4 Be6 38.h5 gxh5 39.Re1 Ng6 40.Qg3 Bh6 0-1

[Event "POL-ChT3"]
[Site "Lazy POL"]
[Date "2012.09.05"]
[Round "5"]
[White "Barburzynska, Magdalena"]
[Black "Gonsior, Monika"]
[Result "1/2-1/2"]
[WhiteElo "1913"]
[BlackElo "2028"]
[EventDate "2012.09.01"]

1.e4 e5 2.Nf3 Nc6 3.Bb5 Bc5 4.O-O Nf6 5.Nxe5 Nxe5 6.d4 Be7 7.dxe5 Nxe4 8.
Qg4 Ng5 9.f4 c6 10.Bd3 Qb6+ 11.Kh1 h5 12.Qe2 Ne6 13.f5 Nd4 14.Qe1 Kd8 15.
Nd2 Re8 16.Nc4 Qc5 17.b4 Qd5 18.Bb2 Nxc2 19.Bxc2 Qxc4 20.Bb3 Qg4 21.Bxf7 
Rf8 22.e6 d6 23.Qc3 Bf6 24.Qd2 Ke7 25.Rad1 d5 26.b5 Rxf7 27.Ba3+ Ke8 28.
exf7+ Kxf7 29.bxc6 bxc6 30.Qa5 Bxf5 31.Qc7+ Kg6 32.h3 Qe4 33.Qg3+ Kh7 34.
Rde1 Qc2 35.Rf2 Qd3 36.Rf3 Qc2 37.Rf2 Qd3 38.Rf3 Qc2 39.Rf2 Qd3 40.Rf3 Qc2
41.Ref1 1/2-1/2

[Event "POL-ChT3"]
[Site "Lazy POL"]
[Date "2012.09.05"]
[Round "5"]
[White "Najbar, Marcin"]
[Black "Butkiewicz, Lukasz"]
[Result "0-1"]
[WhiteElo "2199"]
[BlackElo "2390"]
[EventDate "2012.09.01"]
[PlyCount "74"]

1.e4 c5 2.c4 Nc6 3.Nc3 g6 4.g3 Bg7 5.Bg2 d6 6.d3 e6 7.Nge2 Nge7 8.O-O O-O 
9.Rb1 Bd7 10.a3 a5 11.Nb5 Qb8 12.Be3 e5 13.f4 Nd4 14.Nexd4 cxd4 15.Bd2 f5 
16.fxe5 dxe5 17.Bg5 Nc6 18.exf5 gxf5 19.Bd5+ Kh8 20.Qh5 Be8 21.Qh3 Bg6 22.
Be6 f4 23.gxf4 exf4 24.c5 Qe5 25.Bh4 Qe3+ 26.Qxe3 dxe3 27.Nd6 Bd4 28.Rf3 
Ne5 29.Bd5 Nxf3+ 30.Bxf3 Bxc5 31.Nxb7 Bd4 32.b4 Bxd3 33.Re1 axb4 34.axb4 
Ra1 35.Rxa1 Bxa1 36.Nc5 Bc4 37.b5 Bd4 0-1

[Event "POL-ChT3"]
[Site "Lazy POL"]
[Date "2012.09.05"]
[Round "5"]
[White "Lercel, Michal"]
[Black "Krzywda, Andrzej"]
[Result "1/2-1/2"]
[WhiteElo "2173"]
[BlackElo "2153"]
[EventDate "2012.09.01"]
[PlyCount "88"]

1.d4 Nf6 2.c4 g6 3.Nc3 Bg7 4.e4 d6 5.Nf3 O-O 6.Be2 e5 7.O-O Nc6 8.d5 Ne7 
9.b4 Ne8 10.Qb3 Kh8 11.Rd1 Ng8 12.c5 h6 13.Bb2 f5 14.Rac1 f4 15.Nd2 Rf7 
16.Nc4 h5 17.Nb5 a6 18.cxd6 cxd6 19.Nbxd6 Nxd6 20.Nxe5 Rf6 21.f3 g5 22.Nd3
Rg6 23.Kh1 Ne7 24.Bxg7+ Rxg7 25.Qb2 Ng6 26.e5 Nf5 27.d6 Ne3 28.Rd2 Be6 29.
Nc5 Nf8 30.Ne4 g4 31.Nf6 Rc8 32.Rc3 Rxc3 33.Qxc3 h4 34.Rd4 h3 35.Rxf4 
hxg2+ 36.Kg1 Nd5 37.Nxd5 Bxd5 38.fxg4 Ne6 39.Rf2 Ng5 40.Qe3 Rh7 41.e6 Qxd6
42.Qc3+ Kg8 43.Qc8+ Kg7 44.Qc3+ Kg8 1/2-1/2

[Event "POL-ChT3"]
[Site "Lazy POL"]
[Date "2012.09.05"]
[Round "5"]
[White "Malecki, Rafal"]
[Black "Gomulka, Jaroslaw"]
[Result "1/2-1/2"]
[WhiteElo "2094"]
[BlackElo "2107"]
[EventDate "2012.09.01"]
[PlyCount "92"]

1.g3 e5 2.Bg2 d6 3.e4 g6 4.Nf3 Bg7 5.O-O Nc6 6.c3 Nf6 7.d3 O-O 8.Nh4 d5 9.
Nd2 Be6 10.Qc2 Qe7 11.Re1 Rad8 12.Nhf3 Rfe8 13.b4 dxe4 14.dxe4 Nh5 15.a4 
Qd7 16.Bf1 h6 17.Nc4 Bh3 18.b5 Nb8 19.Be3 Bxf1 20.Rxf1 Qh3 21.Ne1 a6 22.
Qe2 Nd7 23.bxa6 bxa6 24.f3 Nf8 25.Na5 Rd6 26.Ng2 Qd7 27.Nb7 Rf6 28.Nc5 Qc6
29.Rfd1 Rd6 30.Rxd6 cxd6 31.Qxa6 Qc7 32.Nb7 Rb8 33.Nxd6 Qxc3 34.Rc1 Qb2 
35.Qa7 Rb3 36.Qxf7+ Kh8 37.Re1 Rc3 38.Nh4 Rc2 39.Ne8 Rxh2 40.g4 Rxh4 41.
Bf2 Rh1+ 42.Kxh1 Qxf2 43.gxh5 Qxe1+ 44.Kg2 Qd2+ 45.Kf1 Qd1+ 46.Kf2 Qd2+ 
1/2-1/2

[Event "POL-ChT3"]
[Site "Lazy POL"]
[Date "2012.09.05"]
[Round "5"]
[White "Stepien, Marcin"]
[Black "Zgadzaj, Rafal"]
[Result "1-0"]
[WhiteElo "2132"]
[BlackElo "2153"]
[EventDate "2012.09.01"]
[PlyCount "95"]

1.e4 d6 2.d4 Nf6 3.Nc3 g6 4.Bg5 c6 5.Qd2 h6 6.Bh4 Bg7 7.f4 O-O 8.O-O-O Qc7
9.Nf3 Na6 10.e5 Nd5 11.exd6 Qxd6 12.Ne4 Qe6 13.Re1 Qg4 14.h3 Qd7 15.c4 Nf6
16.Nc3 Rd8 17.Qe3 Nc7 18.g4 Ne6 19.Rd1 Qc7 20.Ne5 c5 21.d5 Nxf4 22.Qxf4 g5
23.Nb5 Qa5 24.Be1 Qxa2 25.Qf3 a6 26.Nc3 Qb3 27.Nb1 Qb6 28.Bg3 Bd7 29.Rh2 
Ba4 30.Re1 Qa5 31.Qc3 Qb6 32.Qa3 Be8 33.Re3 e6 34.Rb3 Qa7 35.dxe6 fxe6 36.
Nd2 b6 37.Rd3 Rxd3 38.Qxd3 Qe7 39.h4 Rd8 40.Qe3 gxh4 41.Bxh4 Rd4 42.g5 
hxg5 43.Qxg5 Qd6 44.Bg3 Nh7 45.Qe3 Qe7 46.Bd3 Nf8 47.Ndf3 Qd8 48.Bh4 1-0

[Event "POL-ChT3"]
[Site "Lazy POL"]
[Date "2012.09.05"]
[Round "5"]
[White "Sztwiertnia, Jan Krzysztof"]
[Black "Krokay, Urszula"]
[Result "1-0"]
[WhiteElo "2073"]
[BlackElo "1868"]
[EventDate "2012.09.01"]
[PlyCount "61"]

1.Nf3 Nf6 2.c4 e6 3.Nc3 b6 4.a3 Bb7 5.d4 d5 6.cxd5 exd5 7.g3 Be7 8.Bg2 O-O
9.O-O Nbd7 10.Bf4 Nh5 11.Bd2 Nhf6 12.Bf4 Nh5 13.Ne5 Nxe5 14.Bxe5 Nf6 15.
Rc1 c6 16.Qd3 Nd7 17.Bf4 g5 18.Bd2 f5 19.Bh3 g4 20.Bg2 Bg5 21.Bxg5 Qxg5 
22.Nxd5 Rad8 23.Nf4 Qf6 24.Bxc6 Nc5 25.Rxc5 bxc5 26.Bxb7 Rxd4 27.Qb3+ c4 
28.Bd5+ Kh8 29.Qc3 Rxf4 30.gxf4 Qxc3 31.bxc3 1-0

[Event "POL-ChT3"]
[Site "Lazy POL"]
[Date "2012.09.05"]
[Round "5"]
[White "Zdziarska, Lidia"]
[Black "Hermanowicz, Dominika"]
[Result "1-0"]
[WhiteElo "1928"]
[BlackElo "2076"]
[EventDate "2012.09.01"]
[PlyCount "37"]

1.e4 c5 2.Nf3 e6 3.d4 cxd4 4.Nxd4 Nf6 5.Nc3 d6 6.Be2 Be7 7.O-O a6 8.a4 O-O
9.f4 Qc7 10.Kh1 Nbd7 11.Qe1 b6 12.Bd3 Nc5 13.Rf3 Bb7 14.Rh3 Nfd7 15.Qg3 
Bf6 16.e5 dxe5 17.Bxh7+ Kh8 18.Bg6+ Kg8 19.Rh8+ 1-0

[Event "POL-ChT3"]
[Site "Lazy POL"]
[Date "2012.09.05"]
[Round "5"]
[White "Jagodzinski, Piotr"]
[Black "Krogulski, Grzegorz"]
[Result "0-1"]
[WhiteElo "2167"]
[BlackElo "2387"]
[EventDate "2012.09.01"]
[PlyCount "58"]

1.e4 d5 2.exd5 Qxd5 3.Nc3 Qa5 4.g3 Nf6 5.Bg2 c6 6.Nf3 Bg4 7.h3 Bh5 8.b4 
Qc7 9.Qe2 e6 10.b5 Be7 11.g4 Bg6 12.Ne5 Nfd7 13.bxc6 Nxc6 14.Nxc6 bxc6 15.
Ne4 O-O 16.O-O Nf6 17.d3 Nd5 18.f4 f5 19.c4 Nb4 20.Nf2 fxg4 21.hxg4 Bc5 
22.Be4 Rxf4 23.Bxf4 Qxf4 24.Kh1 Qg3 25.Bxg6 Rf8 26.Qxe6+ Kh8 27.Bf5 Bd6 
28.Qxd6 Qxd6 29.Kg1 Qg3+ 0-1

[Event "POL-ChT3"]
[Site "Lazy POL"]
[Date "2012.09.05"]
[Round "5"]
[White "Sygulski, Boguslaw"]
[Black "Goluch, Piotr"]
[Result "1-0"]
[WhiteElo "2254"]
[BlackElo "2239"]
[EventDate "2012.09.01"]
[PlyCount "75"]

1.e4 c6 2.d4 d5 3.Nc3 dxe4 4.Nxe4 Bf5 5.Ng3 Bg6 6.h4 h6 7.Nf3 Nd7 8.h5 Bh7
9.Bd3 Bxd3 10.Qxd3 e6 11.Bf4 Ngf6 12.O-O-O Be7 13.Kb1 O-O 14.Ne4 Nxe4 15.
Qxe4 Nf6 16.Qe2 Qd5 17.Ne5 Rfd8 18.Rhe1 b5 19.g4 Nd7 20.f3 Nb6 21.Bc1 a5 
22.f4 Bb4 23.Rg1 f6 24.Nf3 Kh7 25.g5 f5 26.gxh6 gxh6 27.Rg6 Rg8 28.Qg2 Qd8
29.Rg1 Qf8 30.Ne5 Nd5 31.Nxc6 Nf6 32.Nxb4 axb4 33.Qb7+ Kh8 34.Rxg8+ Nxg8 
35.d5 exd5 36.Be3 Rd8 37.Bd4+ Nf6 38.Qc6 1-0

[Event "POL-ChT3"]
[Site "Lazy POL"]
[Date "2012.09.05"]
[Round "5"]
[White "Kalvaitis, Sigitas"]
[Black "Markiewicz, Jerzy"]
[Result "1/2-1/2"]
[WhiteElo "2233"]
[BlackElo "2261"]
[EventDate "2012.09.01"]
[PlyCount "97"]

1.e4 c5 2.Nf3 e6 3.c3 d5 4.exd5 Qxd5 5.d4 Nc6 6.Be2 Nf6 7.Na3 cxd4 8.Nb5 
Qd8 9.Nbxd4 Nxd4 10.Qxd4 Qxd4 11.Nxd4 a6 12.O-O e5 13.Nb3 Be6 14.Na5 O-O-O
15.Nc4 Nd7 16.Rd1 Bc5 17.b4 Ba7 18.Be3 Bxe3 19.fxe3 Kc7 20.a4 f6 21.a5 Nb8
22.e4 Nc6 23.Kf2 Rxd1 24.Rxd1 Rd8 25.Rxd8 Nxd8 26.Ke3 Bxc4 27.Bxc4 Nc6 28.
Bg8 h6 29.Bd5 b6 30.axb6+ Kxb6 31.Kd3 Ne7 32.Kc4 g6 33.g4 h5 34.h3 h4 35.
Bf7 Kc6 36.Be8+ Kd6 37.b5 axb5+ 38.Kxb5 f5 39.gxf5 gxf5 40.exf5 Nxf5 41.
Bg6 Ne7 42.Be4 Nd5 43.Bxd5 Kxd5 44.c4+ Kd4 45.c5 e4 46.c6 e3 47.c7 e2 48.
c8=Q e1=Q 49.Qd8+ 1/2-1/2

[Event "POL-ChT3"]
[Site "Lazy POL"]
[Date "2012.09.05"]
[Round "5"]
[White "Dubas, Leszek"]
[Black "Cajbel, Maciej"]
[Result "1/2-1/2"]
[WhiteElo "2164"]
[BlackElo "2237"]
[EventDate "2012.09.01"]
[PlyCount "80"]

1.e4 c5 2.Nf3 Nc6 3.d4 cxd4 4.Nxd4 e6 5.f4 Qc7 6.Nc3 a6 7.Be3 b5 8.Qf3 Bb7
9.Bd3 Nf6 10.a4 b4 11.Nce2 Be7 12.O-O O-O 13.Qh3 Nxd4 14.Bxd4 Nxe4 15.f5 
e5 16.f6 Bxf6 17.Be3 Qd8 18.Ng3 d5 19.Rad1 Bc8 20.Nf5 Qc7 21.Bxe4 dxe4 22.
Qg4 Kh8 23.Qxe4 Rb8 24.Nd6 Be6 25.Rxf6 gxf6 26.Qh4 Qe7 27.Ne4 Rfd8 28.Rf1 
Rg8 29.Nxf6 Rg7 30.Bh6 Rg6 31.Bg5 Qc5+ 32.Kh1 Rg7 33.Nh5 Qc4 34.Qf2 Rg6 
35.Bf6+ Kg8 36.Bxe5 Rd8 37.Nf6+ Kf8 38.Nxh7+ Kg8 39.Nf6+ Kf8 40.Nh7+ Kg8 
1/2-1/2

[Event "POL-ChT3"]
[Site "Lazy POL"]
[Date "2012.09.05"]
[Round "5"]
[White "Czachor, Radoslaw"]
[Black "Markiewicz, Mateusz"]
[Result "1/2-1/2"]
[WhiteElo "2063"]
[BlackElo "2067"]
[EventDate "2012.09.01"]
[PlyCount "98"]

1.e4 c5 2.Nf3 Nc6 3.d4 cxd4 4.Nxd4 d5 5.Nxc6 bxc6 6.exd5 Qxd5 7.Nc3 Qxd1+ 
8.Nxd1 e5 9.g3 Be6 10.Bg2 Bd5 11.O-O Bc5 12.Be3 Bb6 13.Re1 Ba5 14.c3 f6 
15.f4 Bxg2 16.Kxg2 Bc7 17.fxe5 fxe5 18.Nf2 Ne7 19.Bc5 Ng6 20.Rad1 Bb6 21.
Ne4 Bxc5 22.Nxc5 Rd8 23.Rxd8+ Kxd8 24.h4 Re8 25.Rd1+ Kc7 26.Rd7+ Kb6 27.
Ne4 Re7 28.Rd8 Kc7 29.Ra8 Kb7 30.Rg8 h5 31.Nd6+ Ka6 32.Nf5 Rf7 33.Rxg7 
Nxh4+ 34.gxh4 Rxf5 35.Rg5 Rf4 36.Rxh5 e4 37.Rh8 e3 38.Re8 Rxh4 39.Rxe3 Ra4
40.a3 Kb5 41.Re7 Kc4 42.Kf3 Ra6 43.Ke3 Rb6 44.b4 Ra6 45.Rc7 Kxc3 46.b5 
Rxa3 47.bxc6 Kc4+ 48.Kd2 Kc5 49.Kc2 Kb6 1/2-1/2

[Event "POL-ChT3"]
[Site "Lazy POL"]
[Date "2012.09.05"]
[Round "5"]
[White "Jalowiec, Halina"]
[Black "Ogonowska, Katarzyna"]
[Result "0-1"]
[WhiteElo "2046"]
[BlackElo "1846"]
[EventDate "2012.09.01"]
[PlyCount "110"]

1.e4 c5 2.Nf3 d6 3.d4 cxd4 4.Nxd4 Nf6 5.Nc3 g6 6.Be3 Bg7 7.f3 a6 8.Qd2 
Nbd7 9.Bc4 b5 10.Bb3 Bb7 11.O-O-O Rc8 12.Nd5 O-O 13.h4 Nc5 14.Nxf6+ Bxf6 
15.Bd5 Qc7 16.Kb1 Na4 17.g4 Bxd5 18.exd5 Qc4 19.g5 Bg7 20.h5 Qxd5 21.hxg6 
fxg6 22.Qh2 Qe5 23.Qd2 Rc4 24.Rh4 Rfc8 25.Re4 Rxc2 26.Qxc2 Rxc2 27.Kxc2 
Qc5+ 28.Kb1 Qb4 29.Nb3 Nc3+ 30.bxc3 Qxc3 31.Rd2 Kf7 32.Rc2 Qe1+ 33.Bc1 Qg3
34.Rc7 Be5 35.Nd4 d5 36.Bf4 Qg1+ 37.Rc1 Qf2 38.Be3 Qh2 39.Bg1 Qg3 40.Rg4 
Qh3 41.Rd1 Bd6 42.Be3 e5 43.Nc2 Qxf3 44.Rgg1 Qe4 45.Rgf1+ Ke7 46.Rde1 Qc4 
47.Bd4 e4 48.Rh1 b4 49.Rxh7+ Ke6 50.Rg7 b3 51.Rxg6+ Kd7 52.axb3 Qxb3+ 53.
Bb2 Be5 54.Nd4 Bxd4 55.Re2 Qd1+ 0-1

[Event "POL-ChT3"]
[Site "Lazy POL"]
[Date "2012.09.05"]
[Round "5"]
[White "Weichhold, Pawel"]
[Black "Sopur, Lech"]
[Result "0-1"]
[WhiteElo "2374"]
[BlackElo "2423"]
[EventDate "2012.09.01"]
[PlyCount "66"]

1.e4 c6 2.d4 d6 3.Nc3 g6 4.Bc4 Bg7 5.Qf3 e6 6.Nge2 Nd7 7.Bf4 Qe7 8.h4 Ngf6
9.g4 e5 10.dxe5 Nxe5 11.Bxe5 dxe5 12.g5 Nh5 13.Bb3 O-O 14.Ng3 Nf4 15.O-O-O
Be6 16.Rh2 a5 17.a4 Bxb3 18.cxb3 Rfd8 19.Rhh1 Ne6 20.Nge2 Nc5 21.Kc2 Qe6 
22.Nc1 Rd4 23.Qh3 Qe7 24.f3 Ne6 25.N1e2 Rb4 26.Nc1 b5 27.axb5 a4 28.bxc6 
Qc5 29.Nd3 axb3+ 30.Kd2 Rd4 31.Ke1 Rxd3 32.Rxd3 Nf4 33.Qd7 Ra1+ 0-1

[Event "POL-ChT3"]
[Site "Lazy POL"]
[Date "2012.09.05"]
[Round "5"]
[White "Rawski, Slawomir"]
[Black "Kulon, Klaudia"]
[Result "1/2-1/2"]
[WhiteElo "2185"]
[BlackElo "2264"]
[EventDate "2012.09.01"]
[PlyCount "83"]

1.d4 d5 2.Nf3 c6 3.e3 e6 4.Bd3 Bd6 5.O-O f5 6.b3 Qe7 7.a4 Nf6 8.Ba3 Bxa3 
9.Rxa3 O-O 10.Ra1 Bd7 11.Ne5 Be8 12.c4 Na6 13.cxd5 cxd5 14.Bxa6 bxa6 15.
Qd3 Qb7 16.f3 Nd7 17.Nxd7 Bxd7 18.Nd2 Rfc8 19.Rac1 a5 20.f4 Rab8 21.Rc5 
Rxc5 22.dxc5 Bc6 23.Qd4 Qd7 24.Qc3 d4 25.Qxd4 Bd5 26.Nf3 Rb4 27.Ne5 Qc7 
28.Qd2 Rxb3 29.Rc1 h6 30.c6 Kh7 31.Rc3 Rb4 32.Rc1 Rxa4 33.Rc2 Rb4 34.Kf2 
Rb3 35.Qe2 g6 36.g4 g5 37.gxf5 gxf4 38.Qh5 Qxe5 39.Qg6+ Kh8 40.Qe8+ Kg7 
41.Qe7+ Kh8 42.Qe8+ 1/2-1/2

[Event "POL-ChT3"]
[Site "Lazy POL"]
[Date "2012.09.05"]
[Round "5"]
[White "Adamowicz, Maciej"]
[Black "Walkusz, Witoslaw"]
[Result "1/2-1/2"]
[WhiteElo "1985"]
[BlackElo "2126"]
[EventDate "2012.09.01"]
[PlyCount "158"]

1.c4 f5 2.Nc3 Nf6 3.g3 g6 4.Bg2 Bg7 5.Nf3 d6 6.O-O O-O 7.Rb1 a5 8.a3 e5 9.
d3 Qe8 10.b4 axb4 11.axb4 h6 12.Nd2 g5 13.b5 Nbd7 14.Bb2 f4 15.Nde4 Qh5 
16.Qd2 Ng4 17.h3 fxg3 18.Nxg3 Qh4 19.hxg4 Nf6 20.Bf3 Bxg4 21.Nce4 Bxf3 22.
exf3 Nh5 23.Nxh5 Qxh5 24.Ng3 Qh3 25.Rfe1 Rf4 26.Re4 Raf8 27.Qe2 Rxf3 28.
Rf1 h5 29.Re3 g4 30.Nh1 Bh6 31.Rxe5 Bf4 32.Rg5+ Bxg5 33.Qe6+ Kh7 34.Qe4+ 
Kh6 35.Qe6+ Bf6 36.Ng3 Kg7 37.Nf5+ Rxf5 38.Qxf5 Bxb2 39.Qg5+ Kh7 40.Re1 
Be5 41.Rxe5 dxe5 42.Qe7+ Kg8 43.Qe6+ Rf7 44.Qe8+ Kg7 45.Qxe5+ Rf6 46.Qe7+ 
Kg6 47.Qe8+ Rf7 48.Qe6+ Kg7 49.Qe5+ Kf8 50.Qh8+ Ke7 51.Qe5+ Kd7 52.Qd5+ 
Ke8 53.Qe6+ Kd8 54.Qxf7 Qxd3 55.Qf8+ Kd7 56.Qf4 Ke6 57.Qxc7 Qd1+ 58.Kg2 
Qf3+ 59.Kg1 h4 60.Qc8+ Ke5 61.Qc5+ Ke6 62.Qc8+ Kd6 63.c5+ Ke5 64.Qc7+ Kd4 
65.c6 bxc6 66.Qd6+ Qd5 67.Qb4+ Ke5 68.b6 Qd1+ 69.Kh2 g3+ 70.fxg3 hxg3+ 71.
Kxg3 Qg1+ 72.Kf3 Qf1+ 73.Ke3 Qg1+ 74.Kd3 Qd1+ 75.Kc4 Qd5+ 76.Kc3 c5 77.Qh4
Qd4+ 78.Qxd4+ cxd4+ 79.Kc4 Kd6 1/2-1/2

[Event "POL-ChT3"]
[Site "Lazy POL"]
[Date "2012.09.05"]
[Round "5"]
[White "Kanarkiewicz, Michal"]
[Black "Kamieniecki, Tomasz"]
[Result "1-0"]
[WhiteElo "2096"]
[BlackElo "1992"]
[EventDate "2012.09.01"]
[PlyCount "63"]

1.e4 Nf6 2.e5 Nd5 3.d4 d6 4.Nf3 Bg4 5.Be2 e6 6.O-O Be7 7.c4 Nb6 8.Nc3 O-O 
9.Be3 Nc6 10.exd6 cxd6 11.d5 Bxf3 12.Bxf3 Ne5 13.dxe6 Nxf3+ 14.Qxf3 fxe6 
15.Qxb7 Nxc4 16.Qe4 Qc8 17.Rac1 Nxe3 18.Qxe3 Qd7 19.Rfe1 e5 20.Nd5 Rac8 
21.Rxc8 Rxc8 22.Rc1 Bd8 23.h3 Rxc1+ 24.Qxc1 Bb6 25.Qc4 Kf8 26.b4 Bd4 27.b5
Qf5 28.Ne3 Qb1+ 29.Kh2 Qb2 30.Qc8+ Kf7 31.Qd7+ Kf8 32.Nf5 1-0

[Event "POL-ChT3"]
[Site "Lazy POL"]
[Date "2012.09.05"]
[Round "5"]
[White "Malaczek, Mateusz"]
[Black "Zdrojewski, Wojciech"]
[Result "1/2-1/2"]
[WhiteElo "1816"]
[BlackElo "2166"]
[EventDate "2012.09.01"]
[PlyCount "70"]

1.c4 e5 2.g3 d6 3.Bg2 f5 4.Nc3 Nf6 5.d3 Be7 6.Nf3 O-O 7.O-O c6 8.Rb1 Qc7 
9.b4 Re8 10.Nd2 Nbd7 11.b5 Nc5 12.Nb3 Ne6 13.a4 Bd7 14.Ba3 Rad8 15.Qc1 Kh8
16.e3 Bf8 17.a5 Ng5 18.h4 Nf7 19.a6 bxa6 20.bxc6 Bxc6 21.Nd5 Qd7 22.Na5 
Bxd5 23.cxd5 Rc8 24.Qd1 e4 25.dxe4 fxe4 26.Rb7 Rc7 27.Rxc7 Qxc7 28.Nc6 Ne5
29.Nxe5 Rxe5 30.Qa4 Rxd5 31.Bb2 Ra5 32.Qb3 d5 33.Bxf6 gxf6 34.Rd1 Rb5 35.
Qa2 Ra5 1/2-1/2

[Event "POL-ChT3"]
[Site "Lazy POL"]
[Date "2012.09.05"]
[Round "5"]
[White "Maszota, Natalia"]
[Black "Adamowicz, Katarzyna"]
[Result "1-0"]
[WhiteElo "2116"]
[BlackElo "2109"]
[EventDate "2012.09.01"]
[PlyCount "75"]

1.e4 e5 2.Nf3 Nc6 3.d4 exd4 4.Bc4 Bc5 5.c3 Nf6 6.e5 d5 7.Bb5 Ne4 8.Nxd4 
O-O 9.Bxc6 bxc6 10.O-O Bd7 11.f3 Ng5 12.f4 Ne4 13.Nd2 f5 14.Nxe4 fxe4 15.
Kh1 Bxd4 16.cxd4 Qh4 17.Be3 Rae8 18.Rc1 Rf7 19.Qa4 Ref8 20.Qxa7 g5 21.f5 
Bxf5 22.Rxc6 Be6 23.Rg1 Rf1 24.Rxe6 Rxg1+ 25.Bxg1 e3 26.Qa6 Qe1 27.Rf6 
Rxf6 28.Qxf6 e2 29.Qxg5+ Kf7 30.Qf6+ Ke8 31.e6 Qf1 32.Qf7+ Qxf7 33.exf7+ 
Kxf7 34.Bf2 c5 35.dxc5 d4 36.Be1 Ke6 37.Kg1 Kd5 38.Kf2 1-0

[Event "POL-ChT3"]
[Site "Lazy POL"]
[Date "2012.09.05"]
[Round "5"]
[White "Plichta, Kamil"]
[Black "Musialkiewicz, Jan"]
[Result "1-0"]
[WhiteElo "2195"]
[BlackElo "2224"]
[EventDate "2012.09.01"]
[PlyCount "78"]

1.d4 d5 2.c4 c6 3.Nf3 Nf6 4.Nc3 e6 5.Bg5 dxc4 6.e4 b5 7.e5 h6 8.Bh4 g5 9.
Nxg5 hxg5 10.Bxg5 Be7 11.exf6 Bxf6 12.Bxf6 Qxf6 13.g3 Na6 14.Bg2 Bb7 15.
Ne4 Qe7 16.O-O O-O-O 17.a4 f5 18.Nc3 b4 19.Ne2 c5 20.Qc2 Qh7 21.h4 Rdg8 
22.Qxc4 Qxh4 23.Qxe6+ Kb8 24.f3 Qh2+ 25.Kf2 Re8 26.Qd6+ Nc7 27.Nf4 Rhg8 
28.Nd3 Re6 29.Qf4 Rg4 30.d5 Bxd5 31.Rad1 Rxf4 32.Nxf4 Qh8 33.Nxd5 Qxb2+ 
34.Kg1 Re2 35.Nf4 Rd2 36.Rde1 Nd5 37.Re8+ Kb7 38.Rfe1 Nxf4 39.R1e7+ Kc6 
1-0

[Event "POL-ChT3"]
[Site "Lazy POL"]
[Date "2012.09.05"]
[Round "5"]
[White "Bardeli, Lukasz"]
[Black "Nguyen, Piotr"]
[Result "0-1"]
[WhiteElo "2287"]
[BlackElo "2382"]
[EventDate "2012.09.01"]
[PlyCount "64"]

1.d4 f5 2.g3 Nf6 3.Bg2 g6 4.c4 Bg7 5.Nc3 O-O 6.Nh3 Nc6 7.d5 Ne5 8.c5 c6 9.
O-O Qa5 10.Be3 Neg4 11.Bd4 e5 12.dxe6 dxe6 13.Qb3 Kh8 14.Qa4 Qc7 15.Bxf6 
Nxf6 16.Ng5 Nd5 17.Qc4 Nxc3 18.bxc3 Qe7 19.Nf3 e5 20.Qb4 Be6 21.Nd2 Qf7 
22.Nb3 Rad8 23.Rad1 Bc4 24.Na5 Ba6 25.c4 e4 26.Qa4 Rxd1 27.Rxd1 f4 28.Bxe4
fxg3 29.fxg3 Qf2+ 30.Kh1 Qxe2 31.Bg2 Bc3 32.Rg1 Rf2 0-1

[Event "POL-ChT3"]
[Site "Lazy POL"]
[Date "2012.09.05"]
[Round "5"]
[White "Paterek, Michal"]
[Black "Banach, Wieslaw"]
[Result "1-0"]
[WhiteElo "2304"]
[BlackElo "2086"]
[EventDate "2012.09.01"]
[PlyCount "117"]

1.Nf3 Nf6 2.d4 e6 3.g3 d5 4.Bg2 Be7 5.c4 O-O 6.O-O Nbd7 7.b3 b6 8.Bb2 Bb7 
9.Nbd2 c5 10.Rc1 Rc8 11.Rc2 Ne4 12.Qa1 Nxd2 13.Rxd2 Bf6 14.Ne5 Qe7 15.cxd5
exd5 16.Nxd7 Qxd7 17.dxc5 Bxb2 18.Qxb2 Rxc5 19.Rfd1 Qb5 20.a4 Qb4 21.Bxd5 
Bxd5 22.Rxd5 Rxd5 23.Rxd5 h6 24.Qc2 Re8 25.e3 Qg4 26.Kg2 g6 27.Rd4 Qe6 28.
Qd3 Rc8 29.Rd7 Qc6+ 30.e4 a5 31.Qd4 Re8 32.Qd5 Qc2 33.Rd8 Rxd8 34.Qxd8+ 
Kg7 35.Qd4+ Kg8 36.Qc4 Qb2 37.h4 h5 38.Qd5 Qf6 39.e5 Qf5 40.Qd8+ Kg7 41.
Qxb6 Qxe5 42.Kf3 Kg8 43.Qb5 Qc3+ 44.Ke2 Qc2+ 45.Ke3 Qc1+ 46.Ke4 Qe1+ 47.
Kf3 Qd1+ 48.Kg2 Qe1 49.Qd3 Qb4 50.Kf3 Qe1 51.Qe3 Qd1+ 52.Ke4 Qg4+ 53.Kd5 
Qb4 54.Kc6 Kg7 55.Qb6 Qc3+ 56.Kb7 Kf8 57.Ka6 Kg7 58.Qe3 Qb4 59.Qd3 1-0

[Event "POL-ChT3"]
[Site "Lazy POL"]
[Date "2012.09.05"]
[Round "5"]
[White "Nowak, Rafal"]
[Black "Skawinski, Arkadiusz"]
[Result "0-1"]
[WhiteElo "2054"]
[BlackElo "2309"]
[EventDate "2012.09.01"]
[PlyCount "101"]

1.d4 d5 2.Nf3 c6 3.Bf4 Nf6 4.e3 g6 5.Nbd2 Bg7 6.h3 O-O 7.Bd3 Nbd7 8.O-O c5
9.c3 b6 10.Re1 Bb7 11.Qc2 Rc8 12.Rad1 a6 13.Qb1 Re8 14.Bh2 b5 15.e4 dxe4 
16.Nxe4 cxd4 17.cxd4 Qb6 18.Ne5 Red8 19.Nxf7 Kxf7 20.Ng5+ Kg8 21.Bxg6 Nf8 
22.Bf7+ Kh8 23.Be6 Bh6 24.Bxc8 Bxg5 25.Bxb7 Qxb7 26.Qf5 Bh6 27.Be5 Bg7 28.
g4 Ng6 29.Bg3 Rf8 30.Qe6 Nd5 31.Qe4 Ngf4 32.Kh2 Qd7 33.Rc1 h5 34.Rc5 hxg4 
35.hxg4 Rf6 36.Bxf4 Nxf4 37.Kg3 Ne6 38.Re5 Qd6 39.Kg2 Nf4+ 40.Kf1 e6 41.
Rc5 Rf8 42.Rd1 Kg8 43.Rd2 Qd8 44.g5 Qe8 45.Rc3 Qh5 46.Rg3 Rc8 47.Qb1 Qh1+ 
48.Rg1 Qh3+ 49.Ke1 Qf3 50.Qd1 Ng2+ 51.Rxg2 0-1

[Event "POL-ChT3"]
[Site "Lazy POL"]
[Date "2012.09.05"]
[Round "5"]
[White "Flak, Pawel"]
[Black "Dzwikowski, Adam"]
[Result "1-0"]
[WhiteElo "2243"]
[BlackElo "2018"]
[EventDate "2012.09.01"]
[PlyCount "62"]

1.d4 g6 2.c4 Bg7 3.Nc3 c5 4.Nf3 cxd4 5.Nxd4 Nc6 6.e3 Nf6 7.Be2 O-O 8.O-O 
Nxd4 9.Qxd4 d6 10.e4 Be6 11.Qd3 Ng4 12.Nd5 f5 13.Bg5 Rf7 14.exf5 Bxf5 15.
Qd2 Qd7 16.f4 Nf6 17.Nxf6+ exf6 18.Bh4 Be4 19.Rad1 Qc6 20.Bd3 f5 21.Bxe4 
fxe4 22.b3 Bf8 23.Bf2 b5 24.Rc1 bxc4 25.Rxc4 Qe8 26.Re1 d5 27.Qxd5 Rd8 28.
Rcxe4 Rxd5 29.Rxe8 Ra5 30.R1e2 Rff5 31.Be3 Rf7 1-0

[Event "POL-ChT3"]
[Site "Lazy POL"]
[Date "2012.09.05"]
[Round "5"]
[White "Golek, Jagoda"]
[Black "Leszner, Liliana"]
[Result "1-0"]
[WhiteElo "2061"]
[BlackElo "2068"]
[EventDate "2012.09.01"]
[PlyCount "120"]

1.e4 b6 2.d4 Bb7 3.f3 e6 4.Be3 Nf6 5.Bd3 c5 6.c3 d5 7.e5 Nfd7 8.Ne2 Nc6 9.
a3 f6 10.f4 f5 11.b4 a6 12.Nd2 Be7 13.O-O O-O 14.Kh1 Kh8 15.Nf3 Qe8 16.Qe1
Rc8 17.Qg3 Qh5 18.Qf2 Nd8 19.Rab1 cxb4 20.cxb4 b5 21.Rfc1 Nb6 22.Rxc8 Bxc8
23.Rc1 Nc4 24.Nd2 h6 25.Nb3 g5 26.Bxc4 dxc4 27.Nc5 Rg8 28.Kg1 Nc6 29.Nc3 
gxf4 30.Bxf4 Qg4 31.g3 Bg5 32.Rf1 h5 33.Ne2 h4 34.Kg2 Ne7 35.Qf3 Bxf4 36.
Nxf4 Nd5 37.Nxd5 exd5 38.Qxg4 Rxg4 39.Rf4 hxg3 40.hxg3 Rg7 41.Rh4+ Kg8 42.
Kf3 a5 43.Rh6 axb4 44.axb4 Ra7 45.Rc6 Ra8 46.Kf4 Kf7 47.Rc7+ Ke8 48.e6 c3 
49.Nd3 Bxe6 50.Rxc3 Ke7 51.Ke5 Ra1 52.Rc7+ Kd8 53.Rg7 Bd7 54.Nc5 Be8 55.
Kxd5 Rb1 56.Nb7+ Kc8 57.Nd6+ Kd8 58.Rg8 Rxb4 59.Rxe8+ Kd7 60.Rb8 Rb3 1-0

[Event "POL-ChT3"]
[Site "Lazy POL"]
[Date "2012.09.05"]
[Round "5"]
[White "Steczek, Marcin"]
[Black "Jaworski, Miroslaw"]
[Result "1/2-1/2"]
[WhiteElo "2409"]
[BlackElo "2307"]
[EventDate "2012.09.01"]
[PlyCount "79"]

1.c4 e6 2.Nf3 d5 3.d4 Nf6 4.Nc3 Be7 5.Bg5 h6 6.Bh4 O-O 7.e3 b6 8.Rc1 Bb7 
9.Bd3 Nbd7 10.O-O c5 11.Qe2 Ne4 12.Bxe7 Qxe7 13.cxd5 Nxc3 14.Rxc3 Bxd5 15.
Bb5 Nf6 16.dxc5 Ne4 17.Rcc1 Nxc5 18.Nd4 e5 19.Nf5 Qf6 20.Ng3 a5 21.b3 Rad8
22.Rfd1 g6 23.Bc4 Bb7 24.a3 Rxd1+ 25.Rxd1 Kg7 26.b4 axb4 27.axb4 Ne4 28.
Nxe4 Bxe4 29.Bd5 Bxd5 30.Rxd5 Rd8 31.Qd2 Rxd5 32.Qxd5 Qe7 33.b5 Kf6 34.h4 
h5 35.g3 Qc7 36.Kg2 Ke7 37.f4 exf4 38.Qe4+ Kd7 39.Qd4+ Ke7 40.Qe4+ 1/2-1/2

[Event "POL-ChT3"]
[Site "Lazy POL"]
[Date "2012.09.05"]
[Round "5"]
[White "Obrusnik, Michal"]
[Black "Meczynski, Waldemar"]
[Result "1-0"]
[WhiteElo "2239"]
[BlackElo "2153"]
[EventDate "2012.09.01"]
[PlyCount "83"]

1.e4 c5 2.Nf3 e6 3.d4 cxd4 4.Nxd4 Nf6 5.Nc3 Nc6 6.g3 d5 7.Bb5 Bd7 8.exd5 
exd5 9.O-O Be7 10.Re1 O-O 11.Bf1 Bg4 12.Qd3 Qd7 13.Bg2 Rad8 14.b3 Bc5 15.
Nxc6 bxc6 16.Na4 Bb4 17.c3 Bf5 18.Qd4 Be7 19.Nc5 Bxc5 20.Qxc5 Ne4 21.Qa5 
Bh3 22.Bh1 f5 23.f3 Nf6 24.Be3 Rf7 25.Qb4 Re8 26.Qh4 Rfe7 27.Bf2 Rxe1+ 28.
Rxe1 Rxe1+ 29.Bxe1 Qe6 30.Bf2 f4 31.g4 Bxg4 32.fxg4 Nxg4 33.Qd8+ Kf7 34.
Qc7+ Kg8 35.Qxf4 Nxf2 36.Kxf2 a5 37.Bf3 g6 38.c4 Kg7 39.cxd5 cxd5 40.Qd4+ 
Kh6 41.Qd2+ Kg7 42.Qxd5 1-0